Governance of universities: autonomy of university community (Record no. 921)

MARC details
000 -LEADER
fixed length control field 00579nam a2200193Ia 4500
020 ## - INTERNATIONAL STANDARD BOOK NUMBER
ISBN 81-7017-234-9
082 ## - DEWEY DECIMAL CLASSIFICATION NUMBER
Classification number 378.1550954 KAU-G
100 ## - MAIN ENTRY--AUTHOR NAME
Personal name Kaul, J.N;
245 #0 - TITLE STATEMENT
Title Governance of universities: autonomy of university community
260 ## - PUBLICATION, DISTRIBUTION, ETC. (IMPRINT)
Place of publication New Delhi
Name of publisher Abhinav Publications
Year of publication 1988
300 ## - PHYSICAL DESCRIPTION
Number of Pages 308p.
504 ## - BIBLIOGRAPHY, ETC. NOTE
Bibliography, etc Includes index
650 ## - SUBJECT ADDED ENTRY--TOPICAL TERM
Topical Term Universities and colleges - India
650 ## - SUBJECT ADDED ENTRY--TOPICAL TERM
Topical Term Community and college - India
650 ## - SUBJECT ADDED ENTRY--TOPICAL TERM
Topical Term College administration - India
650 ## - SUBJECT ADDED ENTRY--TOPICAL TERM
Topical Term University autonomy - India
650 ## - SUBJECT ADDED ENTRY--TOPICAL TERM
Topical Term Education, Higher - India
942 ## - ADDED ENTRY ELEMENTS (KOHA)
Koha item type Books
Source of classification or shelving scheme Dewey Decimal Classification
Holdings
Withdrawn status Lost status Damaged status Not for loan Home library Current library Date acquired Bill Date Full call number Accession Number Price effective from Koha item type
        NASSDOC Library NASSDOC Library 08/06/2004 2004-10-22 378.1550954 KAU-G 27367 18/04/2019 Books
        NASSDOC Library NASSDOC Library 08/06/2004 2004-10-22 378.1550954 KAU-G 27368 18/04/2019 Books
        NASSDOC Library NASSDOC Library 08/10/2004 2008-12-30 378.54 KAU 35883 18/04/2019 Books